| 000 | 00963cam a22002533a 4500 | ||
|---|---|---|---|
| 001 | 10760 | ||
| 003 | PGUSA | ||
| 005 | 20140828083228.0 | ||
| 008 | 040101s2004||||xxu|||||s|||||000 | eng d | ||
| 040 |
_aPGUSA _beng |
||
| 042 | _adc | ||
| 050 | 4 | _aF296 | |
| 100 | 1 |
_aTorrey, Bradford, _d1843-1912 |
|
| 245 | 1 | 2 |
_aA Florida Sketch-Book _h[electronic resource] / _cBradford Torrey |
| 260 |
_bProject Gutenberg, _c2004 |
||
| 505 | 0 | _aIn the flat-woods -- Beside the marsh -- On the beach at Daytona -- Along the Hillsborough -- A morning at the old sugar mill -- On the upper St. John's -- On the St. Augustine road -- Ornithology on a cotton plantation -- A Florida shrine -- Walks about Tallahassee. | |
| 506 | _aPublic domain in the USA. | ||
| 516 | _aElectronic text | ||
| 653 | _aBirds -- Florida | ||
| 653 | _aFlorida -- Description and travel | ||
| 830 | 0 |
_aProject Gutenberg _v10760 |
|
| 856 | 4 | 0 | _uhttp://www.gutenberg.org/ebooks/10760 |
| 942 | _cEB | ||
| 999 |
_c240015 _d240015 |
||